| 000 | 00861nam a2200241 a 4500 | ||
|---|---|---|---|
| 005 | 20240802063719.0 | ||
| 008 | 170524s2016 mx r 000 0 spa d | ||
| 020 | _a9786071641304 (FCE) | ||
| 020 | _a9786077453734 (Secretaria de Cultura) | ||
| 035 | _aUPN01000218100 | ||
| 049 | _aI | ||
| 050 | 4 |
_aPZ78 _bC6.66 |
|
| 100 | 1 |
_aCorona, Pascuala, _d1917-2015 _940164 |
|
| 245 | 1 | 3 |
_aEl pozo de los ratones : _bkimichime i oztotlkali / _cPascuala Corona, David Daniel Alvarez ; tr. Mardonio Carballo Manuel. |
| 260 |
_aMéxico : _bFCE : _bSecretaría de Cultura, _c2016. |
||
| 300 |
_a48 p. : _bil. col. |
||
| 440 | 4 | _aLos especiales de a la orilla del viento | |
| 650 | 4 |
_aLiteratura infantil mexicana _910209 |
|
| 650 | 4 |
_aCuentos infantiles mexicanos _97723 |
|
| 700 | 1 |
_aAlvarez Hernández, David Daniel, _ecoaut. |
|
| 905 | _aLibro | ||
| 999 |
_c190200 _d190200 |
||